La religion naturelle (Запис номер 159619)
[ съкратено ]
| 000 -Лидер | |
|---|---|
| Контролно поле с фиксирана дължина | nam a22 a 4500 |
| 003 - Код на организацията, давaща контролен номер | |
| Контролно поле | BLK |
| 005 - Дата и час на последна редакция | |
| Контролно поле | 20201028104156.0 |
| 008 - Елементи от данни с фиксирана дължина | |
| fixed length control field | 180410b bul|||||r ||||||| ||bul|| |
| 010 ## - Наследен системен номер | |
| LC control number | KNG00166792000 |
| 040 ## - Източник на каталожния запис | |
| Идентификатор на билиотеката - собственик на записа | BLK |
| 041 ## - Код за език | |
| Код за езика на текст/звукозапис или на отделно заглавие | Френски |
| Код за езика КДБФ | Български |
| 072 #7 - Код за тематичната категория | |
| Код организация | bullib |
| Код за тематична категория | Ц |
| Текст | Редки и ценни |
| 080 ## - УДК | |
| Текстов определител УДК | Видове системи и направления |
| УДК код - определител по УДК | 141 |
| УДК - код + определител | 141 |
| 080 ## - УДК | |
| Текстов определител УДК | Религия и наука. Теология и философия. Знание и вяра. Конфликт между църквата и науката Вж и 001;1;291. 1;234; 239 |
| УДК код - определител по УДК | 215 |
| УДК - код + определител | 215 |
| 100 1# - Редна дума - Автор | |
| Автор | Grote, George |
| Авторска отговорност | първи автор |
| R(LIN) | 334560 |
| 139 ## - Редно поле | |
| Редна дума | Grote, George |
| Авторски знак | Grot - G 89 |
| 245 10 - Сведения за заглавието | |
| Заглавие | La religion naturelle |
| Подзаглавни данни | Son influence sur le bonheur du genbe humain |
| Редно поле (дума) | George Grote; подг. за печат Lonnie D. Bentley; прев. от англ. M. E. Cazelles. |
| 257 ## - Страна на издаване | |
| Страна на създаване/издаване | Великобритания |
| 260 ## - Област на издателските данни | |
| Име на издателя, разпространителя и проч. | Germer Bailliere |
| Година на издаване | 1875 |
| Място на издаване, разпространение и проч. | Paris |
| 300 ## - Физическа характеристика | |
| Страници | 162,24 с. |
| Размери/Мащаб | 18 см |
| 380 ## - Жанр | |
| Жанр | Философия |
| 490 ## - СЕРИИ (Колекции) | |
| 9 (RLIN) | 435080 |
| Име на серия | Колекция Редки и ценни издания |
| 650 #4 - Допълнително описание по предмет – тема | |
| Основно описание – тема или топоним | Философия - системи, направления и школи |
| 9 (RLIN) | 251900 |
| 650 #4 - Допълнително описание по предмет – тема | |
| Основно описание – тема или топоним | Философия, религиозна |
| 9 (RLIN) | 325568 |
| 653 ## - Ключова дума – ненормативна | |
| Ключова дума | философия |
| 653 ## - Ключова дума – ненормативна | |
| Ключова дума | философски системи |
| 653 ## - Ключова дума – ненормативна | |
| Ключова дума | религия |
| 659 ## - Тематичен бюлетин | |
| Тематичен бюлетин | Ц |
| 700 1# - Други автори (авторска отговорност) | |
| Лично име | Bentley, Lonnie D. |
| Автороска отговорност (Описва отношението между автора и произведението) | подг. за печат |
| 9 (RLIN) | 4969 |
| 700 1# - Други автори (авторска отговорност) | |
| Лично име | Cazelles, M. E. |
| Автороска отговорност (Описва отношението между автора и произведението) | прев. от англ. |
| 9 (RLIN) | 6907 |
| 852 ## - Местоположение | |
| Форматна сигнатура | Рф 875 |
| Фондова буква | Редки и ценни |
| 856 4# - Електронен адрес и достъп | |
| Електронен формат | pdf - файл |
| 999 ## - СИСТЕМНИ КОНТРОЛНИ НОМЕРА | |
| Koha biblionumber | 159619 |
| Koha biblioitemnumber | 159619 |
| 942 ## - АРТИКУЛИ | |
| Вид на библиотечния материал | Книги |
| Скрит в OPAC | Не |
| Периодичен библиозапис | Да |
| 944 ## - СЪЗДАВАНЕ И РЕДАКЦИЯ на ЗАПИСА | |
| Създаване/Редакция | Създаване |
| Дата на регистрацията/редакция | 03.11.2014 |
| Служител, извършил регистрацията/редакцията | Наталия_Медовщикова |
| 944 ## - СЪЗДАВАНЕ И РЕДАКЦИЯ на ЗАПИСА | |
| Създаване/Редакция | Редакция |
| Дата на регистрацията/редакция | 2020-10-28 |
| 999 ## - СИСТЕМНИ КОНТРОЛНИ НОМЕРА | |
| Koha biblioitemnumber | 159619 |
| Код за отписване | Код за изгубен артикул | Източник на класификационната схема | Код за повреда | Коз за рестрикции | Код за отдаване | Артикулен № | Име на библиотеката - собственик | Име на библиотеката, в която се намира в момента | Статус (Текущо местоположение) | Дата на вписване в системата | Местоположение - отдел | Цена в лева | Инвентарен номер | Систематично азбучна сигнатура | Баркод | Номер на екземпляра | Цена в евро | Служебна бележка | Служебен тип на артикула |
|---|---|---|---|---|---|---|---|---|---|---|---|---|---|---|---|---|---|---|---|
| Не е изгубен | Universal Decimal Classification | Не е повреден | само за читалня | Специални фондове ( старопечатни, редки и ценни, фонд М. Арнаудов) | 266760 | Регионална библиотека "Любен Каравелов" Русе | Регионална библиотека "Любен Каравелов" Русе | Редки и ценни | 1948-01-01 | Редки и ценни | 0.42 | 16891 | Рф 875 | 900000037752 | 1 | 0.21 | Дост: Pk N: стар фонд Дата: 01.01.1948 Дата инв: 14.12.2016 Бележки инв: Рц2016 | Книги |